| 000 | 00000nam##2200000za#4500 |
| 001 | 9.599560 |
| 003 | CaOODSP |
| 005 | 20240501092931 |
| 007 | cr ||||||||||| |
| 008 | 150406|1998||||xxc|||||o f|0| 0 fre|d |
| 040 | |aCaOODSP|bfre |
| 043 | |an-cn--- |
| 086 | 1 |aPS83-3/79F-PDF |
| 110 | 2 |aService correctionnel Canada. |
| 245 | 10|aLes délinquants au Canada : |h[ressource électronique]|bdernières tendances / |cpar Colleen Anne Dell, Roberta Lynn Synclair et Roger Boe. |
| 260 | |bService correctionnel Canada |cDécembre 1998. |
| 300 | |a63p.|bgraphiques, tableaux |
| 490 | 1 |aRapport de recherche|v[R-79] |
| 500 | |aLe nom de l'auteur > a été incorrectement transcrit sur la page de titre. |
| 590 | |a10-12-Supp|b2010-11-18 |
| 720 | 1 |aDell, Colleen Anne |
| 720 | 1 |aBoe, Roger |
| 720 | 1 |aSinclair, Roberta Lynn |
| 775 | 08|tAdult male offenders in Canada : |w(CaOODSP)9.568270 |
| 830 | #0|aRapport de recherche (Service correctionnel Canada. Direction de la recherche)|v[R-79]|w(CaOODSP)9.502465 |
| 856 | 40|ahttp://publications.gc.ca|qPDF|s197 Ko|uhttps://publications.gc.ca/collections/collection_2010/scc-csc/PS83-3-79-fra.pdf|y[R-79] |